| 000 | 00924nmm a2200289 a 4500 | ||
|---|---|---|---|
| 001 | ocm0002015321 | ||
| 003 | TR-IsHL | ||
| 005 | 20201028175214.0 | ||
| 008 | 181017s2015 tu tur | ||
| 007 | cr cn | ||
| 020 | _a9786054921812 | ||
| 035 |
_a2015321 _b(N$T) |
||
| 050 | 0 | 4 |
_aPL248.R66 _bM43 2015 |
| 090 | 0 | 4 |
_aPL248.R66 _bM43 2015 |
| 100 | 1 | _aRona, Ümit | |
| 245 | 1 | 0 |
_aMecazi gölgeler _h[electronic resource] / _cÜmit Rona ; Genel Yayın Yönetmeni Ahmet Nuri Yüksel |
| 250 | _a2. Basım | ||
| 260 |
_aİstanbul : _bBilge Kültür Sanat Yayınları, _c2015 |
||
| 300 | _a151 p. | ||
| 650 | 4 | _aDil ve Edebiyat | |
| 650 | 4 | _aLanguage and Literature | |
| 650 | 0 | _aTürk şiiri | |
| 650 | 0 | _aTurkish poetry | |
| 650 | 7 |
_aPOETRY / Middle Eastern _2bisacsh |
|
| 700 | 1 | _aYüksel, Ahmet Nuri | |
| 856 | 4 | 0 | _uhttp://search.ebscohost.com/login.aspx?direct=true&scope=site&db=e011xww&AN=2015321 |
| 999 |
_c18558 _d18558 |
||